| 000 | 01082nam a22002657a 4500 | ||
|---|---|---|---|
| 005 | 20240305165409.0 | ||
| 007 | cr|||| |||| | ||
| 008 | 130327e2012 ck |||||s|||| 00||0 spa d | ||
| 020 | _a978-958-648-780-1 | ||
| 035 | _a7670 | ||
| 040 | _avLex | ||
| 090 |
_c4048 _d4048 |
||
| 100 | 1 | 0 | _aVan Den Berghe Romero, Edgar |
| 245 | 1 | 0 |
_aDiseñe y gerencie su propia empresa orientada a los TLC _c/ Edgar Van Den Berghe R. _h[Recurso electrónico] |
| 250 | _a3a ed. | ||
| 256 | _aServicio en línea | ||
| 260 |
_aBogotá : _bECOE, _c2012 |
||
| 300 | _a1 Recurso electrónico | ||
| 506 |
_dvLex Global (Academic Edition, excluding Law Schools) _dvLex Global (U.S. Academic Edition, Law Schools) _dvLex Global (U.S. Academic Edition, excluding Law Schools) _dvLex Global (U.S. Academic Edition, excluding Law Schools) _dvLex Global (Academic Edition, Law Schools) |
||
| 650 | 0 | 4 | _aComercio internacional |
| 650 | 0 | 4 | _aAdministración (Marketing) |
| 740 | _avLex Libros (Servicio en línea) | ||
| 856 |
_aAcceso restringido _uhttp://www.vlex.com/source/7670 |
||
| 942 | _cRAA | ||
| 999 |
_c162419 _d162419 |
||